000
00208 a2200109 4500
020
_a
0-590-48597-0
041
_a
spa
100
_a
mcmillan,bruce
245
_a
a comer fracciones
942
_c
BK
952
_7
1
999
_c
17913
_d
17913